000 00574nam a2200193Ia 4500
003 OSt
005 20200622130300.0
008 190216s9999||||xx |||||||||||||| ||und||
020 _a9780198077251
040 _coclc
082 _a954.02
_bCHA/M
100 _aChattopadhyaya, Brajadulal
_93046
245 4 _aThe Making Of Early Medieval India /
_cBrajadulal Chattopadhyaya
250 _a2nd Ed.
260 _bOxford University Press,
_c2011.
_aNew Delhi:
300 _a290p
650 _aHistory
942 _cBK
_2ddc
_h954.02
_iCHA/M
_k954.02
_mCHA/M
999 _c21643
_d21643